000 00502nam a2200181Ia 4500
005 20250508161045.0
008 008 250505s9999 xx 000 0 eng d
037 _aTextual
040 _aFEDL
_beng
_cFEDL
041 _aeng
_2eng
084 _aB, RAM
_qFEDL
100 _aPuran Singh
245 0 _aStroy of Swami Rama: The poet monk of the Punjab
260 _aLudhiana, India
_bKalyani Publishers
_c1974
300 _axvii,280p.
942 _cTEXL
_hB, RAM
999 _c1368179
_d1368179